BIBLIOTECA

SENCICO

Cómo ser líder / (Registro nro. 5025)

Detalles MARC
000 -LEADER
fixed length control field 01200nam a22002657a 4500
003 - CONTROL NUMBER IDENTIFIER
control field PE SENCICO BE
005 - DATE AND TIME OF LATEST TRANSACTION
control field 20251020182709.0
008 - FIXED-LENGTH DATA ELEMENTS--GENERAL INFORMATION
fixed length control field 241213b |||||||| |||| 00| 0 eng d
020 ## - INTERNATIONAL STANDARD BOOK NUMBER
International Standard Book Number 978-607-17-1539-5
040 ## - CATALOGING SOURCE
Original cataloging agency PE SENCICO BE
Transcribing agency PE SENCICO BE
041 ## - LANGUAGE CODE
Language code of text/sound track or separate title spa
082 ## - DEWEY DECIMAL CLASSIFICATION NUMBER
Classification number 658.4092
Item number O94
100 1# - MAIN ENTRY--PERSONAL NAME
9 (RLIN) 2759
Personal name Owen, Jo
Relator term autor
245 1# - TITLE STATEMENT
Title Cómo ser líder /
Statement of responsibility, etc. Jo Owen
250 ## - EDITION STATEMENT
Edition statement [1a ed.]
260 ## - PUBLICATION, DISTRIBUTION, ETC.
Place of publication, distribution, etc. México D. F. ;
Name of publisher, distributor, etc. Trillas ;
Date of publication, distribution, etc. 2013
300 ## - PHYSICAL DESCRIPTION
Extent 312 p. :
Dimensions 23 cm.
505 0# - FORMATTED CONTENTS NOTE
Formatted contents note Los fundamentos del liderazgo -- La práctica del liderazgo -- El dominio del liderazgo -- El viaje del liderazgo
520 3# - SUMMARY, ETC.
Summary, etc. Abarca todos los temas que los lideres deben dominar, incluyendo la conducción del desempeño, la administración del tiempo, la fijación y el control de presupuesto, el afrontar las crisis y la delegación de funciones. Además, explora el modo en que el liderazgo varía entre los sectores público, privado y de voluntariado, pero sobre todo, muestra como manejar su carrera de liderazgo.
650 10 - SUBJECT ADDED ENTRY--TOPICAL TERM
9 (RLIN) 931
Topical term or geographic name entry element Liderazgo
650 20 - SUBJECT ADDED ENTRY--TOPICAL TERM
9 (RLIN) 2757
Topical term or geographic name entry element Emprendimiento
650 20 - SUBJECT ADDED ENTRY--TOPICAL TERM
9 (RLIN) 1496
Topical term or geographic name entry element Autorrealización (Psicología)
910 ## - USER-OPTION DATA (OCLC)
User-option data hfp
-- hfp
-- hfp
942 ## - ADDED ENTRY ELEMENTS (KOHA)
Source of classification or shelving scheme Dewey Decimal Classification
Koha item type Libros
Existencias
Fecha de la última vez que lo usaron Pago total Signatura topográfica completa Código de barras Precio efectivo desde Tipo de documento Estado perdido Sistema de clasificación Estado dañado No es para préstamo Retirado Ubicación permanente Ubicación actual Fecha de adquisición Fuente de adquisición
13/12/2024   658.4092/O94 BibLima24120022 13/12/2024 Libros   Dewey Decimal Classification       Biblioteca Central Lima Biblioteca Central Lima 18/11/2024 Comprado de la librería Cydma Tech